Entry Personal Name
Number of records used in: 1
001 - CONTROL NUMBER
003 - CONTROL NUMBER IDENTIFIER
005 - DATE AND TIME OF LATEST TRANSACTION
- control field:
20230919130440.0
008 - FIXED-LENGTH DATA ELEMENTS
- fixed length control field:
811014n| azannaabn b aaa
010 ## - LIBRARY OF CONGRESS CONTROL NUMBER
- LC control number:
n 81114853
024 7# - OTHER STANDARD IDENTIFIER
- Standard number or code:
Q7021589
- Source of number or code:
wikidata
035 ## - SYSTEM CONTROL NUMBER
- System control number:
(OCoLC)oca00659861
040 ## - CATALOGING SOURCE
- Original cataloging agency:
DLC
- Language of cataloging:
eng
- Description conventions:
rda
- Transcribing agency:
DLC
- Modifying agency:
DLC
- Modifying agency:
CU
- Modifying agency:
DLC
- Modifying agency:
OCoLC
- Modifying agency:
DLC
- Modifying agency:
InU
- Modifying agency:
CLU-AR
046 ## - SPECIAL CODED DATES
- Birth date:
1955-11-10
- Source of date scheme:
edtf
100 1# - HEADING--PERSONAL NAME
- Personal name:
AlSayyad, Nezar
370 ## - ASSOCIATED PLACE
- Place of birth:
Cairo (Egypt)
- Associated country:
Egypt
- Associated country:
United States
- Source of term:
naf
372 ## - FIELD OF ACTIVITY
- Field of activity:
Architecture
- Field of activity:
City planning
- Source of term:
lcsh
373 ## - ASSOCIATED GROUP
- Associated group:
University of California, Berkeley
- Associated group:
International Association for the Study of Traditional Environments
- Source of term:
naf
374 ## - OCCUPATION
- Occupation:
College teachers
- Occupation:
Architects
- Occupation:
Historians
- Occupation:
City planners
- Source of term:
lcsh
377 ## - ASSOCIATED LANGUAGE
- Language code:
ara
- Language code:
eng
400 0# - SEE FROM TRACING--PERSONAL NAME
- Personal name:
Nezar al-Sayyad
400 1# - SEE FROM TRACING--PERSONAL NAME
- Personal name:
Sayyid, Nizār
400 0# - SEE FROM TRACING--PERSONAL NAME
- Personal name:
Nizār al-Sayyid
400 1# - SEE FROM TRACING--PERSONAL NAME
- Personal name:
Sayyad, Nezar al
400 0# - SEE FROM TRACING--PERSONAL NAME
- Personal name:
Nezar AlSayyad
400 1# - SEE FROM TRACING--PERSONAL NAME
- Personal name:
Al Sayyad, Nezar
400 1# - SEE FROM TRACING--PERSONAL NAME
- Personal name:
صياد، نزار
400 1# - SEE FROM TRACING--PERSONAL NAME
- Personal name:
Ṣayyād, Nizār
670 ## - SOURCE DATA FOUND
- Source citation:
His Streets of Islamic Cairo, c1981:
- Information found:
t.p. (Nezar al Sayyad)
670 ## - SOURCE DATA FOUND
- Source citation:
Seminar on "The Design & Planning of Housing" (1984 : Dhahran, Saudi Arabia). The design and planning of housing, c1984:
- Information found:
t.p. (Nezar AlSayyad)
670 ## - SOURCE DATA FOUND
- Source citation:
Letter from author to C. Hamilton, Cat. Dept., Library, Univ. of Calif., Berkeley, 9-12-88
- Information found:
(requests that estab. hdg. be changed to form AlSayyad, Nezar; signed: Nezar AlSayyad, adjunct prof., Coll. of Environ. Design, UC Berkeley)
670 ## - SOURCE DATA FOUND
- Source citation:
Dwellings, settlements, and tradition, c1989:
- Information found:
CIP t.p. (Nezar AlSayyad) data sheet (b. 11-10-55)
670 ## - SOURCE DATA FOUND
- Source citation:
AlSayyad, Nezar. al-Qāhirah al-sīnimāʼīyah, 2022:
- Information found:
title page (D. Nizār al-Ṣayyād, D. Hibah Ṣafī al-Dīn, wa-majmūʻah min al-muʼallifīn al-musāhimīn)
670 ## - SOURCE DATA FOUND
- Source citation:
al-Qāhirah wa-ʻumrānuhā, 2023 :
- Information found:
title page (D. Nizār al-Ṣayyād = د. نزار الصياد ) page 4 of cover (distinguished professor in Architecture and city planning in University of California Berkeley; wrote books in Arabic and English on: architecture, urbanism and history .. ; he also wrote a poetry book)
670 ## - SOURCE DATA FOUND
- Source citation:
Wikipedia, June 12, 2023
- Information found:
(Nezar Al Sayyad (born October 10, 1956) born in Cairo ; he is architect, city planner, urban designer, urban historian, and professor emeritus at the University of California Berkeley in the College of Environmental Design, where he received the Distinguished Teaching Award. Educated as an architect, planner, and urban historian; In 1988, AlSayyad co-founded the International Association for the Study of Traditional Environments (IASTE))